000 00460nam a2200181Ia 4500
001 530
005 20260306140524.0
008 260306t1995||||xx |||||||||||||| ||spa||
041 _aESP
082 _a123.9
_bL69
100 _aLivi, Antonio
_eAUT
245 0 _aCrítica del sentido común :
_blógica de la ciencia y posibilidad de la fe
260 _c1995
300 _a335 páginas :
_c24 cm.
650 _aGEN
654 _aCHU
942 _cLIB
_dJUS
_fJUS
_2ddc
_n
999 _c530
_d530